Inverse logarithmic potential problem /
Guardado en:
| Autor Principal: | |
|---|---|
| Formato: | Libro |
| Idioma: | English |
| Publicado: |
Utrecht, the Netherlands :
VSP,
1996.
|
| Series: | Inverse and ill-posed problems series
|
| Etiquetas: |
Agregar Etiqueta
Sin Etiquetas, Sea el primero en etiquetar este registro!
|
| LEADER | 00607nam a22001815a 4500 | ||
|---|---|---|---|
| 001 | MAT.inmabb003611 | ||
| 008 | 060126s1996####ne#a#####b####000#0#eng#d | ||
| 005 | 20130430172836.0 | ||
| 245 | 1 | 0 | |a Inverse logarithmic potential problem / |c V. G. Cherednichenko. |
| 260 | |a Utrecht, the Netherlands : |b VSP, |c 1996. | ||
| 300 | |a iii, 247 p. : |b il. ; |c 25 cm. | ||
| 440 | 0 | |a Inverse and ill-posed problems series | |
| 504 | |a Bibliografía: p. [229]-247. | ||
| 510 | 4 | |a MR, |c 98g:35211 | |
| 020 | |a 9067642029 | ||
| 100 | 1 | |a Cherednichenko, V. G. | |
| 084 | |a 35R30 (30-02 31A25) |2 msc2000 | ||
| 859 | |h 35 |i C521 |p A-7678 |b BIB. MATEMATICA | ||
